000 00464nam a2200169Ia 4500
008 090711s9999 xx 000 0 und d
082 _b75169
100 _aहरकारे अरुण
245 _aकलुषित मन
260 _c1990
300 _a171
600 _aहरकारे अरुण
630 _aकलुषित मन
700 _aहरकारे अरुण
730 _aकलुषित मन
942 _cBOOK
999 _c295497
_d295497